Kế toán tiêu thụ và xác định kết quả kinh doanh tại Công ty CP Clearwater Meatal VN
Chuyên ngành: Kế toán; Không ý kiến về việc số hóa, sao chép tài liệu; Bìa Khóa luận ghi: Kế toán tiêu thụ và xác định kết quả kinh doanh; TM tài liệu tham khảo tr. 89; Khóa luận tốt nghiệp Đại học trường Đại học Thủ Dầu Một, 2012 - 2016; Kho...
Saved in:
| Main Author: | |
|---|---|
| Other Authors: | |
| Format: | Book |
| Language: | Undetermined |
| Published: |
Bình Dương
2016 +02CD
|
| Subjects: | |
| Online Access: | http://lrc.tdmu.edu.vn/opac/search/detail.asp?aID=2&ID=29849 |
| Tags: |
Add Tag
No Tags, Be the first to tag this record!
|
| Institutions: | Trung tâm Học liệu Trường Đại học Thủ Dầu Một |
|---|
| LEADER | 01512nam a2200205Ia 4500 | ||
|---|---|---|---|
| 001 | TDMU_29849 | ||
| 008 | 210410s9999 xx 000 0 und d | ||
| 082 | |a 657.7 | ||
| 090 | |b NG527 | ||
| 100 | |a Nguyễn, Thị Diệu Hiền | ||
| 245 | 0 | |a Kế toán tiêu thụ và xác định kết quả kinh doanh tại Công ty CP Clearwater Meatal VN | |
| 245 | 0 | |c Nguyễn Thị Diệu Hiền; Dương Hoàng Ngọc Khuê (h.dẫn) | |
| 260 | |a Bình Dương | ||
| 260 | |c 2016 +02CD | ||
| 300 | |a 89 tr + Phụ lục | ||
| 520 | |a Chuyên ngành: Kế toán; Không ý kiến về việc số hóa, sao chép tài liệu; Bìa Khóa luận ghi: Kế toán tiêu thụ và xác định kết quả kinh doanh; TM tài liệu tham khảo tr. 89; Khóa luận tốt nghiệp Đại học trường Đại học Thủ Dầu Một, 2012 - 2016; Khóa luận gồm: Cơ sở lý luận về kế toán tiêu thụ và xác định kết quả kinh doanh; thực trạng công tác kế toán tiêu thụ và xác định kết quả kinh doanh tại Công ty Cổ phần Clearwater Meatal VN; nhận xét, kiến nghị | ||
| 650 | |a Khóa luận; Kế toán |x Tiêu thụ |x Kết quả kinh doanh | ||
| 700 | |a Dương, Hoàng Ngọc Khuê | ||
| 856 | |u http://lrc.tdmu.edu.vn/opac/search/detail.asp?aID=2&ID=29849 | ||
| 980 | |a Trung tâm Học liệu Trường Đại học Thủ Dầu Một | ||